000 00661nam a22002057a 4500
999 _c17835
_d17835
003 AR-CdUCM
008 190509b ||||| |||| 00| 0 spa d
040 _aMUNICIPALIDAD PROVINCIAL DEL CUSCO
_cBIBLIOTECA MUNICIPAL DEL CUSCO
082 _a869.56 /
_bM795
100 _aMora, Tulio
_938014
245 _aPaís interior /
260 _aLima :
_bEds. COPÉ,
_c1994.
300 _a70 páginas ;
_bIlustraciones,
_c21 cm.
505 _aContenido: Esa edad -- La espera -- El color de la soledad -- Huayllay...
650 _aPoesías peruanas
_91481
650 _aSiglo XX
_98
650 _aPetroperú
_938015
942 _2ddc
_cLIBROS
945 _adavv
_d2019-05-09